000 00597nam a2200205Ia 4500
005 20250508150739.0
008 008 250505s9999 xx 000 0 eng d
037 _aTextual
040 _aFEDL
_beng
_cFEDL
041 _aeng
_2eng
084 _a301.1, LOW
_qFEDL
100 _aLowie Robert H.
245 0 _aSocial organization
260 _aLondon, UK
_bRoutledge and Kegan Paul Limited
_c1950
300 _aix,465p
490 _aInternational library of sociology and social reconstruction
650 _aSociology
942 _cTEXL
_h301.1, LOW
999 _c1325419
_d1325419